Central Library OPAC University of Rajshahi

মতীয়র রহমান খান গ্রন্থাবলী / (Record no. 48920)

MARC details
000 -LEADER
fixed length control field 00879nam a2200241 a 4500
001 - CONTROL NUMBER
control field 48920
003 - CONTROL NUMBER IDENTIFIER
rucl marc code BD-RjUL
005 - DATE AND TIME OF LATEST TRANSACTION
control field 20211209054616.0
008 - FIXED-LENGTH DATA ELEMENTS--GENERAL INFORMATION
fixed length control field 160817s1960 bg ||||| |||| 00| f ben d
020 ## - INTERNATIONAL STANDARD BOOK NUMBER
Terms of availability : Tk. 7.50
035 ## - SYSTEM CONTROL NUMBER
System control number (BD-RjUL)49039
040 ## - CATALOGING SOURCE
Original cataloging agency BD-RjUL
Language of cataloging ben
Transcribing agency BD-RjUL
041 ## - LANGUAGE CODE
Language code of text/sound track or separate title ben
082 ## - DEWEY DECIMAL CLASSIFICATION NUMBER
Edition number 23
Classification number 891.44308
Author mark and year RAM 1960
100 ## - MAIN ENTRY--PERSONAL NAME
Personal name রহমান, এম.
9 (RLIN) 147357
245 10 - TITLE STATEMENT
Title মতীয়র রহমান খান গ্রন্থাবলী /
Statement of responsibility, etc. এম. রহমান
260 ## - PUBLICATION, DISTRIBUTION, ETC. (IMPRINT)
Place of publication, distribution, etc. ঢাকা :
Name of publisher, distributor, etc. এম. রহমান,
Date of publication, distribution, etc. ১৯৬০
300 ## - PHYSICAL DESCRIPTION
Pagination [১৪], ৪৮৭ পৃ. :
Illustrations চিত্র ;
Size ২০ সেমি
500 ## - GENERAL NOTE
General note পরিশিষ্ট সংযুক্ত
650 ## - SUBJECT ADDED ENTRY--TOPICAL TERM
Topical term or geographic name as entry element বাংলা উপন্যাস
General subdivision সংগ্রহ
9 (RLIN) 124121
Topical term or geographic name as entry element Bengali Fiction
General subdivision Collection
9 (RLIN) 124122
942 ## - ADDED ENTRY ELEMENTS (KOHA)
Source of classification or shelving scheme Dewey Decimal Classification
Koha item type Books
Holdings
Lost status Source of classification or shelving scheme Damaged status Not for loan Collection code Permanent Location Current Location Shelving location Date acquired Source of acquisition Cost, normal purchase price Total Checkouts Full call number Date last seen Copy number Koha item type
  Dewey Decimal Classification     Fiction Central Library, University of Rajshahi Central Library, University of Rajshahi   06/07/1968 Nawroge 7.50   B 891.44308 RAM 1960 17/08/2016 C-2 Books
  Dewey Decimal Classification     Fiction Central Library, University of Rajshahi Central Library, University of Rajshahi   06/07/1968 Nawroge 7.50   B 891.44308 RAM 1960 17/08/2016 C-3 Books